Brusel je k logistike štedrý
V súčasnosti poskytuje EÚ len jediný program, ktorý sa priamo dotýka logistiky. Existujú však podporné programy, ktoré s ňou súvisia nepriamo. Väčšinou ide o programy, ktoré majú pomôcť pri odstraňovaní nedostatkov v dopravnej infraštruktúre. Týkajú sa výstavby ciest a diaľníc, majú za úlohu skvalit...
Guardado en:
| Autor principal: | |
|---|---|
| Formato: | Capítulo de libro |
| Lenguaje: | eslovaco |
| Materias: | |
| Etiquetas: |
Sin Etiquetas, Sea el primero en etiquetar este registro!
|
MARC
| LEADER | 00000naa$a2200000$$$4500 | ||
|---|---|---|---|
| 001 | 0071770 | ||
| 005 | 20231128093023.0 | ||
| 041 | 0 | |a slo | |
| 044 | |a SK | ||
| 245 | 1 | 0 | |a Brusel je k logistike štedrý |c Pavol Prikryl |
| 520 | |a V súčasnosti poskytuje EÚ len jediný program, ktorý sa priamo dotýka logistiky. Existujú však podporné programy, ktoré s ňou súvisia nepriamo. Väčšinou ide o programy, ktoré majú pomôcť pri odstraňovaní nedostatkov v dopravnej infraštruktúre. Týkajú sa výstavby ciest a diaľníc, majú za úlohu skvalitniť a rozšíriť železničnú infraštruktúru a pod. Štrukturálne fondy, Kohézny fond. Podporné programy TEN-T, Marco Polo a NAIADES. | ||
| 610 | 2 | 0 | |a logistika |
| 610 | 2 | 0 | |a doprava |
| 610 | 2 | 0 | |a infraštruktúra |
| 610 | 2 | 0 | |a fondy štruktúrne |
| 610 | 2 | 0 | |a fond kohézny |
| 610 | 2 | 0 | |a doprava cestná |
| 610 | 2 | 0 | |a doprava vodná |
| 610 | 2 | 0 | |a doprava železničná |
| 100 | 1 | |a Prikryl, Pavol | |